Денежное обращение Государственного банка за январь 1915 года

Доступно только в Электронных читальных залах Найти на картеНа карте
RUSMARC
00004276nmc2a22000003x 450
001b4369ca8-721e-4351-9e00-b00b80c57316
00520180927181211.0
100##$a20170403l19151915k l0rusy0189 ca
1010#$arus
102##$aRU
2001#$aДенежное обращение Государственного банка за январь 1915 года
$j1915 г.
$eс цветными таблицами - картами Европейской России, Сибири и Средней Азии
251##$cДело
300##$aПечатные материалы к докладам Бюджетной комиссии 3 и 4 Государственных дум по сметам министерств: финансов, торговли и промышленности, путей сообщения. По банкам и кредитным учреждениям
300##$aПечатный материал
801#0$aRU
$bРГИА
$c20170403
$gRCR
801#1$aRU
$bГлавНИВЦ
$c20170403
$2rusmarc
801#2$aRU
$bПБ им. Б.Н. Ельцина
$c20180927
$gRCR
$2rusmarc
850##$aРГИА
852##$aРГИА
$eФедеральное казенное учреждение "Российский государственный исторический архив" (РГИА)
$j29
937##$hРГИА
$d12234323
$aASBIBLIO_SCAN
462#0$1001f4cc5ff3-a559-440c-b487-45d74f44b7e2
$12001
$aПечатные отчеты, доклады и другие материалы о заседаниях Государственной думы, о деятельности государственного и других банков, Романовского комитета по обеспечению сирот и детей воинов; материалы к проекту переустройства Одесского порта и об организации Одесской фабрично-заводской художественной выставки
$1251
$cОпись
$1852
$j1
461#0$1001c208dac8-5ac4-4eeb-b5b1-f93dab802890
$12001
$aАлексеенко Михаил Мартынович (1847-1917 гг.)
$1251
$cФонд
$1852
$j1616
215##$a9 л.
$d32х22 см
$cкарт.
371##$aДокумент не является опубликованным и широко распространяемым
105##$ab###
1222#$ad
035##$ab4369ca8-721e-4351-9e00-b00b80c57316
856##$uhttp://readingroom.main.prlib.ru/item.aspx?id_node=n118686185&mode=full
Формат отображения